000 00405nam a2200157Ia 4500
008 210716s2010 xx 000 0 und d
020 _a9788180547812
041 _aeng
082 _a658.312404 TRIP
100 _aTripathi, P C.
245 _aHuman resource development.
250 _a1
260 _aNew Delhi
_bSultan chand & sons
_c2010
300 _axix,510
650 _aHuman Resource Development
999 _c209668
_d209668